Spanish-colonial architecture in Mexico / (Record no. 30440)
[ view plain ]
| 000 -LEADER | |
|---|---|
| campo de control de longitud fija | 00402nam a2200145 i 4500 |
| 001 - NÚMERO DE CONTROL | |
| campo de control | 30440 |
| 003 - IDENTIFICADOR DE NÚMERO DE CONTROL | |
| campo de control | ES-MaACL |
| 007 - CAMPO FIJO DE DESCRIPCIÓN FÍSICA--INFORMACIÓN GENERAL | |
| campo de control de longitud fija | t| |
| 008 - DATOS DE LONGITUD FIJA--INFORMACIÓN GENERAL | |
| campo de control de longitud fija | 030124s1901 xxu ||||1| eng d |
| 100 1# - ENTRADA PRINCIPAL--NOMBRE DE PERSONA | |
| Nombre de persona | Baxter, Sylvester. |
| 9 (RLIN) | 26643 |
| 245 10 - MENCIÓN DEL TÍTULO | |
| Título | Spanish-colonial architecture in Mexico / |
| Mención de responsabilidad, etc. | by Sylvester Baxter. |
| 260 ## - PUBLICACIÓN, DISTRIBUCIÓN, ETC. | |
| Lugar de publicación, distribución, etc. | Boston : |
| Nombre del editor, distribuidor, etc. | J.B. Millet, |
| Fecha de publicación, distribución, etc. | 1901. |
| 300 ## - DESCRIPCIÓN FÍSICA | |
| Extensión | 10 v. ; |
| Dimensiones | 35 cm. |
| 852 ## - LOCALIZACIÓN | |
| Ubicación | ES-MaACL |
| Número de control de estantería | G-161-170 |
| Estatus retirado | Estado de pérdida | Estado de daño | No para préstamo | Biblioteca de origen | Biblioteca actual | Ubicación en estantería | Fecha de adquisición | Fuente de adquisición | Total de préstamos | Signatura topográfica completa | Código de barras | Visto por última vez | Precio de reemplazo | Tipo de ítem Koha |
|---|---|---|---|---|---|---|---|---|---|---|---|---|---|---|
| Biblioteca del Ateneo de Madrid | Biblioteca del Ateneo de Madrid | Depósito 2 | 17/01/2008 | G-161-170 | 1031429 | 23/02/2023 | 23/02/2023 | Libro impreso antiguo |
